Sports Quiz

Random Sports or NBA Quiz
Score 0/13 Timer 10:00
0 Plays Today
Rating, Position Player % Correct
92, Small Forward/Power ForwardPaul Pierce
90.2%
94, Small Forward/Power ForwardLarry Bird
87.2%
88, Point GuardRajon Rondo
85.4%
91, CenterBill Russell
83.5%
94, Point GuardBob Cousy
78%
88, Shooting GuardRay Allen
75%
92, Small Forward/Shooting GuardJohn Havlicek
71.3%
91, CenterRobert Parish
58.5%
91, Shooting Guard/Small ForwardSam Jones
45.1%
96, CenterDave Cowens
40.9%
91, Point Guard/Shooting GuardIsaiah Thomas
37.8%
86, Shooting Guard, Point GuardDanny Ainge
33.5%
97, Power ForwardBrian Scalabrine
24.4%
Remove Ads.
Support Sporcle.
Get the best of Sporcle when you Go Orange. This ad-free experience offers more features, more stats, and more fun while also helping to support Sporcle. Thank you for becoming a member.

You're not logged in!

Compare scores with friends on all Sporcle quizzes.
OR
Log In

Show Comments

Extras

Top Quizzes Today


Score Distribution

Your Account Isn't Verified!

In order to create a playlist on Sporcle, you need to verify the email address you used during registration. Go to your Sporcle Settings to finish the process.

Report this User

Report this user for behavior that violates our Community Guidelines.

Details: